| 000 | 01520cam a22004337a 4500 | ||
|---|---|---|---|
| 003 | CHAP | ||
| 005 | 20220329133815.0 | ||
| 008 | 971013s1979 r 00010 d | ||
| 010 | _a11189 | ||
| 011 | _a12161 | ||
| 035 | _a14355 | ||
| 040 | _cCHAP | ||
| 090 | _aTesis | ||
| 100 | 0 | 0 |
_aPacheco López, María del Carmen. _984564 |
| 245 | 0 | _aCartografía y caracterización mineralógica de los tepetates del oriente del Valle de México | |
| 260 |
_aChapingo, Méx. : _bEl autor, _c1979 |
||
| 300 |
_a58 h. _b: mapas |
||
| 502 | _aTesis (Ing. Agr. Esp. en Suelos) -- ENA. Departamento de Suelos | ||
| 590 |
_aALEPH _b10 _c20130110 _lUCH01 _h1228 |
||
| 590 |
_aBATCH-UPD _b10 _c20130109 _lUCH01 _h2319 |
||
| 590 |
_aBATCH-UPD _b10 _c20130110 _lUCH01 _h1831 |
||
| 590 |
_aBATCH-UPD _b10 _c20130409 _lUCH01 _h1841 |
||
| 590 |
_aBATCH-UPD _b10 _c20130410 _lUCH01 _h1203 |
||
| 590 |
_aBATCH-UPD _b10 _c20130914 _lUCH01 _h1315 |
||
| 590 |
_aCONVERSION _b10 _c20130109 _lUCH01 _h1307 |
||
| 650 | 1 | 4 |
_aErosión. _937335 |
| 650 | 1 | 4 |
_aRocas _xAnálisis. _998162 |
| 650 | 1 | 4 |
_aSuelos _xMapas. _9110427 |
| 650 | 1 | 4 |
_aSuelos _xValle de México. _9110508 |
| 650 | 1 | 4 |
_aTepetates. _9112332 |
| 710 | 0 |
_aENA. Departamento de Suelos. _936705 |
|
| 901 | _aBK | ||
| 942 | _cFOLL | ||
| 949 |
_bBC _cTES _d-94838 _eTS1 _i14355 _si |
||
| 949 |
_bBC _cTES _d-94840 _eTS2 _fc.3 _h22011 _i14355 _si |
||
| 949 |
_bBC _cTES _d33724000942884 _eTS2 _fc.2 _i14355 _si |
||
| 949 |
_bS _cTESBD _d-26497 _eTS1 _i14355 _si |
||
| 949 |
_bZA _cTESBD _d-8870 _eTS1 _h212 _i14355 _si |
||
| 999 |
_c11189 _d11189 |
||